00574nam a2200133 a 4500008004100000050003000041110006000071245016400131260003800295300002000333350000900353500004600362650003200408150508s1997 ||||||||||||||||| || u aGOV.ZAM(05)DPD/1997/106JJ aGovernment of the Republic of Zambia. National Assembly10aRepublic of Zambia. Daily parliamentary debates, official verbatim report of the debates of the first session of the eighth... (1997)cBy the National Assembly aLusaka:bGovernment Printerc1997 avarious pagings a0.00 aLIBRARY HOLDINGS:March 20th and 26th 1997 aDAILY PARLIAMENTARY DEBATES